000 00330nam a22001337a 4500
008 180919b xxu||||| |||| 00| 0 eng d
020 _a0914826948
041 _aeng
080 _a541
100 _a12
101 _aKIM
245 _aProsphate Metabolism and Cellular Regulation in Microroganisms
_cGorini, A.T
942 _2udc
_cBK
999 _c48061
_d48061